000 00405cam a2200145 4500500
005 20251228095025.0
041 _afre
042 _adc
100 1 0 _aVieira, António
_eauthor
245 0 0 _aAttentes
260 _c2016.
500 _a6
786 0 _nSigila | 37 | 1 | 2016-03-01 | p. 13-18 | 1286-1715
856 4 1 _uhttps://shs.cairn.info/revue-sigila-2016-1-page-13?lang=fr&redirect-ssocas=7080
999 _c1605341
_d1605341